Catálogo
 En Linea

Antología de lecturas : (Registro nro. 16962)

Detalles MARC
000 -CABECERA
campo de control de longitud fija 00832cam a2200229 a 4500
001 - NÚMERO DE CONTROL
campo de control 000017437
005 - FECHA Y HORA DE LA ÚLTIMA TRANSACCIÓN
campo de control 20200929165119.0
008 - DATOS DE LONGITUD FIJA--INFORMACIÓN GENERAL
campo de control de longitud fija 760730s1969 pr b s000 0 spa d
040 ## - FUENTE DE LA CATALOGACIÓN
Centro catalogador/agencia de origen DO-SdBNP
Centro/agencia transcriptor spa
Centro/agencia modificador BNPHU
050 00 - SIGNATURA TOPOGRÁFICA DE LA BIBLIOTECA DEL CONGRESO
Número de clasificación PC4117
Número de documento/Ítem .A738 1976
082 ## - NÚMERO DE LA CLASIFICACIÓN DECIMAL DEWEY
Número de clasificación 468/.6/421
Número de documento/Ítem A634, 1969
049 ## - FONDOS LOCALES (OCLC)
Fondos de biblioteca BNGR
245 00 - MENCIÓN DE TÍTULO
Título Antología de lecturas :
Resto del título curso de español /
Mención de responsabilidad, etc. notas introductorias Mariana Robles de Cardona.
250 ## - MENCIÓN DE EDICIÓN
Mención de edición 2a ed.
260 ## - PUBLICACIÓN, DISTRIBUCIÓN, ETC.
Lugar de publicación, distribución, etc. [Río Piedras] :
Nombre del editor, distribuidor, etc. Editorial Universitaria, Universidad de Puerto Rico,
Fecha de publicación, distribución, etc. 1969.
300 ## - DESCRIPCIÓN FÍSICA
Extensión v. :
Otras características físicas mapas ;
Dimensiones 22 cm.
500 ## - NOTA GENERAL
Nota general Incluye notas al pie de las páginas.
500 ## - NOTA GENERAL
Nota general La biblioteca sólo posee volumen 2 (segundo semestre).
650 #0 - PUNTO DE ACCESO ADICIONAL DE MATERIA--TÉRMINO DE MATERIA
Término de materia o nombre geográfico como elemento de entrada Spanish language
Subdivisión general Readers.
9 (RLIN) 38125
700 1# - PUNTO DE ACCESO ADICIONAL--NOMBRE DE PERSONA
Nombre de persona Robles de Cardona, Mariana,
Títulos y otros términos asociados al nombre introd.
9 (RLIN) 38126
910 ## - DATOS DE OPCIÓN DEL USUARIO (OCLC)
Datos de opción del usuario Catalogación derivada
Existencias
Estado de retiro Estado de pérdida Restricciones de uso No para préstamo Código de colección Localización permanente Ubicación/localización actual Ubicación en estantería Fecha de adquisición Número de inventario Total de préstamos Signatura topográfica completa Código de barras Fecha visto por última vez Precio válido a partir de Tipo de ítem Koha
        Monografías: Libros y Folletos General General En catalogación 24.03.2010 LF1   v.2 17437-10 25.06.2020 25.06.2020 Préstamo en sala

Con tecnología Koha